书目信息 |
| 题名: |
视读数学
|
|
| 作者: | 萨德尔 , 瑞维茨 , 梵·隆 著 ;李园园 译 | |
| 分册: | ||
| 出版信息: | 合肥 安徽文艺出版社 2007.01 |
|
| 页数: | 180页 | |
| 开本: | 21cm | |
| 丛书名: | 介绍丛书 | |
| 单 册: | ||
| 中图分类: | O1-49 | |
| 科图分类: | ||
| 主题词: | 视读数学--shi du shu xue--普及读物 | |
| 电子资源: | ||
| ISBN: | 978-7-5396-2845-5 | |
| 000 | 01149nam 2200301 450 | |
| 001 | 012008947099 | |
| 005 | 20080617173125.68 | |
| 010 | @a978-7-5396-2845-5@dCNY16.80 | |
| 100 | @a20080617d2007 em y0chiy0120 ea | |
| 101 | 1 | @achi@ceng |
| 102 | @aCN@b340000 | |
| 105 | @aac z 000yy | |
| 106 | @ar | |
| 200 | 1 | @a视读数学@Ashi du shu xue@f(英) 扎奥丁·萨德尔, 杰利·瑞维茨, 博林·梵·隆著@F(ying)zha ao ding·sa de er,jie li·rui wei ci,bo lin·fan·long zhu@g李园园译@Gli yuan yuan yi |
| 210 | @a合肥@c安徽文艺出版社@d2007.01 | |
| 215 | @a180页@c图, 肖像@d21cm | |
| 225 | 2 | @a介绍丛书@Ajie shao cong shu |
| 305 | @a据原书1999年版译出 | |
| 330 | @a本书通过深入浅出的讲解、风格多变的插图,为你打开通往数学世界的第一扇门,走进去,便可领悟无限的神奇与妙趣。 | |
| 410 | 0 | @12001 @a介绍丛书 |
| 606 | 0 | @a视读数学@Ashi du shu xue@j普及读物 |
| 690 | @aO1-49@v4 | |
| 701 | 1 | @a萨德尔@Asa de er@g(Sardar, Ziauddin)@4著 |
| 701 | 1 | @a瑞维茨@Arui wei ci@g(Ravelz, Jerry)@4著 |
| 701 | 1 | @a梵·隆@Afan·long@g(Van Loon, Borin)@4著 |
| 702 | 0 | @a李园园@Ali yuan yuan@4译 |
| 801 | 0 | @aCN@bQSSK@c20080617 |
| 905 | @b728114-16@dO1-49@eS006@f3 | |
| 视读数学/(英) 扎奥丁·萨德尔, 杰利·瑞维茨, 博林·梵·隆著/李园园译.-合肥:安徽文艺出版社,2007.01 |
| 180页:图, 肖像;21cm.-(介绍丛书) |
| ISBN 978-7-5396-2845-5:CNY16.80 |
| 本书通过深入浅出的讲解、风格多变的插图,为你打开通往数学世界的第一扇门,走进去,便可领悟无限的神奇与妙趣。 |
| ● |
| 相关链接 |
|
|
|
正题名:视读数学
索取号:O1-49/S006
 
预约/预借
| 序号 | 登录号 | 条形码 | 馆藏地/架位号 | 状态 | 备注 |
| 1 | 728114 | 207281145 | 社科二线400B/400B社科库 33排3列1层/ [索取号:O1-49/S006] | 在馆 | |
| 2 | 728115 | 207281154 | 自科库401/401自科库 105排5列2层/ [索取号:O1-49/S006] | 在馆 | |
| 3 | 728116 | 207281163 | 期刊室512/401自科库 105排5列2层/ [索取号:O1-49/S006] | 在馆 |